000 00932nam a22003017a 4500
003 CHAP
005 20220329135324.0
008 971013s1968 r 00010 d
010 _a34379
011 _a35351
035 _a39467
040 _cCHAP
082 _a501
_bP3Y
100 0 0 _aPaci, Enzo.
_984606
245 _aFunción de las ciencias y significado del hombre
260 _aMéxico :
_bFondo de Cultura Económica,
_c1968
300 _a374 p.
490 _aSección de obras de filosofía
590 _aBATCH-UPD
_b10
_c20130110
_lUCH01
_h1740
590 _aBATCH-UPD
_b10
_c20130410
_lUCH01
_h1120
590 _aBATCH-UPD
_b10
_c20130914
_lUCH01
_h0934
590 _aCONVERSION
_b10
_c20130109
_lUCH01
_h1319
650 1 4 _aCiencia
_xFilosofía.
_923124
830 0 _aSección de obras de filosofía
_9103505
901 _aBK
942 _cLIBRO
949 _a501 P3Y
_bBC
_cLIBRO
_d33724000116596
_eLIBRO
_h29648
_i39467
_mD
_si
999 _c34379
_d34379